Land Use-Transport Interaction Models (Record no. 588133)

000 -LEADER
fixed length control field 00578nam a2200169 4500
003 - CONTROL NUMBER IDENTIFIER
control field NUST
005 - DATE AND TIME OF LATEST TRANSACTION
control field 20220222160342.0
008 - FIXED-LENGTH DATA ELEMENTS--GENERAL INFORMATION
fixed length control field 220222b ||||| |||| 00| 0 eng d
038 ## - RECORD CONTENT LICENSOR
Staff Name SAIF
082 ## - DEWEY DECIMAL CLASSIFICATION NUMBER
Classification number 333.77 COR
100 ## - MAIN ENTRY--PERSONAL NAME
Relator code CRC Press
245 ## - TITLE STATEMENT
Title Land Use-Transport Interaction Models
250 ## - EDITION STATEMENT
Edition statement First Edition
260 ## - PUBLICATION, DISTRIBUTION, ETC.
Linkage CRC Press
Name of publisher, distributor, etc. New York
Date of publication, distribution, etc. 2019
563 ## - BINDING INFORMATION
Binding note Transport and the spatial location of population and activities have been important themes of study in engineering, social sciences and urban and regional planning for many decades.
942 ## - ADDED ENTRY ELEMENTS (KOHA)
Source of classification or shelving scheme
Koha item type Book
Holdings
Withdrawn status Lost status Source of classification or shelving scheme Damaged status Not for loan Permanent Location Current Location Date acquired Total Checkouts Full call number Barcode Date last seen Price effective from Koha item type
          School of Civil and Environmental Engineering (SCEE) School of Civil and Environmental Engineering (SCEE) 02/22/2022   333.77 COR NIT-13518 02/22/2022 02/22/2022 Book
© 2023 Central Library, National University of Sciences and Technology. All Rights Reserved.